Santo Domingo, Ciudad Trujillo / (Record no. 33110)
[ view plain ]
| 000 -CABECERA | |
|---|---|
| campo de control de longitud fija | 00605nam a2200181 a 4500 |
| 001 - NÚMERO DE CONTROL | |
| campo de control | 000033619 |
| 005 - FECHA Y HORA DE LA ÚLTIMA TRANSACCIÓN | |
| campo de control | 20200930070406.0 |
| 008 - DATOS DE LONGITUD FIJA--INFORMACIÓN GENERAL | |
| campo de control de longitud fija | 110331s1943 dr r 000 0 spa d |
| 040 ## - FUENTE DE LA CATALOGACIÓN | |
| Centro catalogador/agencia de origen | DO-SdBNP |
| Lengua de catalogación | spa |
| Centro/agencia transcriptor | BNPHU |
| 082 ## - NÚMERO DE LA CLASIFICACIÓN DECIMAL DEWEY | |
| Número de clasificación | xxxx |
| Número de documento/Ítem | A367c |
| 100 1# - ENTRADA PRINCIPAL--NOMBRE DE PERSONA | |
| Nombre de persona | Alemar, Luis E. |
| 9 (RLIN) | 34472 |
| 245 13 - MENCIÓN DE TÍTULO | |
| Título | Santo Domingo, Ciudad Trujillo / |
| Mención de responsabilidad, etc. | Luis E. Alemar ; prólogo pedro J. Santiago. |
| 260 ## - PUBLICACIÓN, DISTRIBUCIÓN, ETC. | |
| Lugar de publicación, distribución, etc. | Santiago, República Dominicana : |
| Nombre del editor, distribuidor, etc. | Editorial el Diario, |
| Fecha de publicación, distribución, etc. | 1943. |
| 300 ## - DESCRIPCIÓN FÍSICA | |
| Extensión | 341 p. : |
| Otras características físicas | il., retrs. ; |
| Dimensiones | 24 cm. |
| 500 ## - NOTA GENERAL | |
| Nota general | Incluye índice |
| 590 ## - NOTA LOCAL (RLIN) | |
| Nota local | Inventariado, 2019/BT |
| 700 1# - PUNTO DE ACCESO ADICIONAL--NOMBRE DE PERSONA | |
| Nombre de persona | Santiago, Pedro J. |
| Término indicativo de función/relación | pról. |
| 9 (RLIN) | 45327 |
| Estado de retiro | Estado de pérdida | Fuente del sistema de clasificación o colocación | Restricciones de uso | No para préstamo | Código de colección | Localización permanente | Ubicación/localización actual | Ubicación en estantería | Fecha de adquisición | Total de préstamos | Signatura topográfica completa | Código de barras | Fecha visto por última vez | Número de copia | Precio válido a partir de | Tipo de ítem Koha | Nota pública | Fuente de adquisición |
|---|---|---|---|---|---|---|---|---|---|---|---|---|---|---|---|---|---|---|
| Dewey Decimal Classification | Excluido de préstamo | Patrimonio Dominicano | Biblioteca Nacional Pedro Henríquez Ureña | Biblioteca Nacional Pedro Henríquez Ureña | Depósito | 01.08.2019 | BNPHU PD A367c | 33619-20 | 25.06.2020 | e.2 | 25.06.2020 | Libro | Perteneció a la biblioteca personal de María Almentero. | |||||
| Dewey Decimal Classification | Excluido de préstamo | Raros y valiosos | Biblioteca Nacional Pedro Henríquez Ureña | Biblioteca Nacional Pedro Henríquez Ureña | Depósito | 01.09.2011 | BNPHU PD A367c | 33619-10 | 25.06.2020 | 25.06.2020 | Libro | Perteneció a la biblioteca personal de Martínez Boog | ||||||
| Dewey Decimal Classification | Préstamo en sala | Dominicana de Servicio | Biblioteca Nacional Pedro Henríquez Ureña | Biblioteca Nacional Pedro Henríquez Ureña | En catalogación | 12.07.2024 | BNPHU PD A367c | 2024-4389 | 12.07.2024 | e.3 | 12.07.2024 | Libro | Emilio Cordero Michel | donación |
